000 00858cam a2200265 a 4500
001 000018547
003 UkOxU
005 20240503073630.0
008 741125s1967 sp 000 d spa d
035 _aOCLC ocm01086982 from D970226T
040 _cIWU
_dOCL
_dEQO
_dBNGR
_aDO-SdBNP
082 _a862.3
_bC419d
100 1 _aCervantes Saavedra, Miguel de,
_d1547-1616
_93070
245 1 3 _aLa destrucción de Numancia /
_cMiguel de Cervantes ; edición y ensayo preliminar de Ricardo Doménech.
260 _aMadrid :
_bTaurus,
_c1967.
300 _a131 p. ;
_c18 cm.
490 1 _aTemas de España
_v55
650 4 _aTeatro español
_93071
650 4 _aLiteratura española
_9632
700 1 _aDoménech, Ricardo,
_eed.
_917659
830 0 _aTemas de España ;
_v55
_96849
910 _aCatalogación por derivada /Oxford
910 _aWM
049 _aBNGR
999 _c18067
_d18067